Pays sur la liste grise du GAFI - Statistiques

Statistiques générales
  • Ce quiz a été pris 4 fois
  • Le résultat moyen est 4 sur 23
Statistiques - réponses
Réponse % Correct
Syrie
75%
Liban
50%
Monaco
50%
Soudan du Sud
50%
Venezuela
50%
Burkina Faso
25%
Cameroun
25%
Côte d'Ivoire
25%
Nigéria
25%
République Démocratique du Congo
25%
Yemen
25%
Afrique du Sud
0%
Algérie
0%
Angola
0%
Bolivie
0%
Bulgarie
0%
Haïti
0%
Kenya
0%
Laos
0%
Mozambique
0%
Namibie
0%
Népal
0%
Vietnam
0%
Aucun quiz correspondant
Distribution des résultats
% des personnes avec chaque résultat
Percentile par nombre de réponses
Votre historique - résultats
Vous n’avez pas pris ce quiz